LEADER 01216nam a2200289 a 4500 001 000000126680 003 CaOOAMICUS 005 20111025123915.0 008 111025s2011 it u000 u ita r 020 $a978-88-308-1149-2 040 $aPUL$bita 082 04$a241.66 100 1 $aBomenuto, Antonio.$0(OLS)http://pul/name/80760 245 10$aSessualità e santità nell'opera di Giovanni Paolo II /$cAntonio Bomenuto ; presentazione di Salvino Leone. 260 $aAssisi :$bCittadella,$c2011. 300 $a181 p. ;$c21 cm. 504 $aContiene riferimenti bibliografici. 650 4$aSesso$xAspetti morali e religiosi.$0(OLS)http://pul/subject/6711 700 1 $aLeone, Salvino.$0(OLS)http://pul/name/5948 850 $aPUL 852 $aPUL$W1$xSL Religione 3$y85$m241. 66 BOMAN 1$j146465$qDDC 21$B145172$CPULBib$Z2$F145172 $H118120 $82 941 1 $a9 996 $6020$a978-88-308-1149-2$9(OLS)http://pul/number/148234 996 $6082$a241.66$9(OLS)http://pul/classification/2126 996 $6245$aSessualità e santità nell'opera di Giovanni Paolo II$9(OLS)http://pul/title/160010 996 $6260$aAssisi :$bCittadella$9(OLS)http://pul/publisher/49668 LEADER 01476nam a2200337 a 4500 001 000000146179 003 CaOOAMICUS 005 20151001143908.0 008 151001s2015 enk u000 u eng r 020 $a978-0-415-71417-4 040 $aPUL$bita 082 04$a102 100 1 $aSchwarzmantel, John.$0(OLS)http://pul/name/93550 245 14$aThe Routledge guidebook to Gramsci's Prison Notebooks /$cJohn Schwarzmantel. 246 30$aGuidebook to Gramsci's Prison Notebooks 260 $aLondon ;$aNew York :$bRoutledge,$c©2015. 300 $axiv, 306 p. ;$c20 cm 490 1 $aRoutledge guides to the great books 500 $aInclude indici. 504 $aBibliografia p. [294]-301. 600 14$aGramsci, Antonio,$d1891-1937$xPensiero politico e sociale.$0(OLS)http://pul/subject/25699 830 0$aRoutledge guides to the great books.$0(OLS)http://pul/title/171398 850 $aPUL 852 $aPUL$W1$xSL Filosofia 3$y81$m102 COLL 1.12$j169057$qDDC 21$B169841$CPULBib$Z2$F169841 $H126326 $81 941 1 $a9 996 $6020$a978-0-415-71417-4$9(OLS)http://pul/number/158758 996 $6082$a102$9(OLS)http://pul/classification/2563 996 $6246$aGuidebook to Gramsci's Prison Notebooks$9(OLS)http://pul/title/184808 996 $6245$aThe Routledge guidebook to Gramsci's Prison Notebooks$9(OLS)http://pul/title/184807 996 $6260$aLondon ;$aNew York :$bRoutledge$9(OLS)http://pul/publisher/52469